ბათუმის შოთა რუსთაველის სახელმწიფო უნივერსიტეტის ბიბლიოთეკა

Техническая механика. Часть вторая. Сопротивление материалов. (ბიბ.ჩანაწერი № 37334)

000 -LEADER
fixed length control field 00704nam a2200229Ia 4500
001 - CONTROL NUMBER
control field 3293
003 - CONTROL NUMBER IDENTIFIER
control field GE_BSU
008 - FIXED-LENGTH DATA ELEMENTS--GENERAL INFORMATION
fixed length control field 181216s||||||||xx |||||||||||||| ||und||
040 ## - CATALOGING SOURCE
Transcribing agency GE_BSU
080 ## - UNIVERSAL DECIMAL CLASSIFICATION NUMBER
Universal Decimal Classification number 539.3/.4(075.32)
100 ## - MAIN ENTRY--PERSONAL NAME
Personal name Мовнин,М.С. Израелит,А.Б.
245 ## - TITLE STATEMENT
Title Техническая механика. Часть вторая. Сопротивление материалов.
245 ## - TITLE STATEMENT
Remainder of title Учебник.
245 ## - TITLE STATEMENT
Statement of responsibility, etc. Ред. А.И.Варковецкая.
250 ## - EDITION STATEMENT
Edition statement Изд. 5-е.
260 ## - PUBLICATION, DISTRIBUTION, ETC.
Place of publication, distribution, etc. Л.
260 ## - PUBLICATION, DISTRIBUTION, ETC.
Name of publisher, distributor, etc. Судостроение.
260 ## - PUBLICATION, DISTRIBUTION, ETC.
Date of publication, distribution, etc. 1971.
300 ## - PHYSICAL DESCRIPTION
Extent 328 стр. 21 см.
653 ## - INDEX TERM--UNCONTROLLED
Uncontrolled term Техническая механика.
942 ## - ADDED ENTRY ELEMENTS (KOHA)
Koha item type წიგნი
ეგზემპლარები
Withdrawn status Lost status Damaged status Not for loan Date acquired Barcode Date last seen Price effective from Koha item type Public note
        2018-12-17 9890 2018-12-17 2018-12-17 წიგნი დარბაზი